Академик Самсон Семенович Кутателадзе (Запись № 4752198)

Подробности
000 -МАРКЕР
контрольное поле 01969nam0a22003131 4500
001 - ИДЕНТИФИКАТОР ЗАПИСИ
контрольное поле rc\181158
005 - ИДЕНТИФИКАТОР ВЕРСИИ
контрольное поле 20260407070407.0
035 ## - ДРУГИЕ СИСТЕМНЫЕ НОМЕРА
Идентификатор записи (NLR Aleph) 005440498
100 ## - ДАННЫЕ ОБЩЕЙ ОБРАБОТКИ
Данные общей обработки 20030307d1996 |||y0rusy50 ca
101 0# - ЯЗЫК РЕСУРСА
Язык текста, звукозаписи и т.д. русский
102 ## - СТРАНА ПУБЛИКАЦИИ ИЛИ ПРОИЗВОДСТВА
Страна публикации Российская Федерация
105 ## - ПОЛЕ КОДИРОВАННЫХ ДАННЫХ: ТЕКСТОВЫЕ МАТЕРИАЛЫ, МОНОГРАФИЧЕСКИЕ
Кодированные данные о монографическом текстовом документе ac z|||||||b
200 1# - ЗАГЛАВИЕ И СВЕДЕНИЯ ОБ ОТВЕТСТВЕННОСТИ
Основное заглавие Академик Самсон Семенович Кутателадзе
Сведения, относящиеся к заглавию Воспоминания. Из неопубликованных работ
Первые сведения об ответственности АО открытого типа "Науч.-произв. об-ние по исслед. и проектированию энерг. оборуд. им. И.И. Ползунова" (АООТ "НПО ЦКТИ), Ин-т теплофизики Сиб. отд-ния Рос. акад. наук (ИТФ СО РАН)
Последующие сведения об ответственности [редкол.: акад. РАН В.Е. Накоряков и др.]
210 ## - ПУБЛИКАЦИЯ, РАСПРОСТРАНЕНИЕ И ДР.
Место издания, распространения и т.д. Санкт-Петербург
Имя издателя, распространителя и т. д. НПО ЦКТИ
Дата издания, распространения и т.д. 1996
215 ## - ФИЗИЧЕСКАЯ ХАРАКТЕРИСТИКА
Специфическое обозначение материала и объем 176 с., [7] л. ил., портр.
Размеры 21
320 ## - ПРИМЕЧАНИЯ О НАЛИЧИИ В ДОКУМЕНТЕ БИБЛИОГРАФИИ / УКАЗАТЕЛЯ
Текст примечания Библиогр.: с. 92, 161-167
540 1# - ДОПОЛНИТЕЛЬНОЕ ЗАГЛАВИЕ, ПРИМЕНЯЕМОЕ КАТАЛОГИЗАТОРОМ
Заглавие Кутателадзе Самсон Семенович, академик
600 #1 - ИМЯ ЛИЦА КАК ПРЕДМЕТ
Начальный элемент ввода Кутателадзе
Часть имени, кроме начального элемента ввода С.С.
Даты 1914 - 1986
Расширение инициалов личного имени Самсон Семенович
Системный номер авторитетной/нормативной записи 2083922
Идентификатор авторитетной/нормативной записи RU\NLR\AUTH\661259996
686 1# - ИНДЕКСЫ ДРУГИХ КЛАССИФИКАЦИЙ
Индекс з31д
702 #1 - ИМЯ ЛИЦА - ВТОРИЧНАЯ ОТВЕТСТВЕННОСТЬ
Начальный элемент ввода Накоряков
Часть имени, кроме начального элемента ввода В. Е.
Даты 1935-
Расширение инициалов личного имени Владимир Елиферьевич
Код отношения Редактор
702 #1 - ИМЯ ЛИЦА - ВТОРИЧНАЯ ОТВЕТСТВЕННОСТЬ
Код отношения Прочие
Материалы, к которым относится поле rus
Графика поля Кириллица
Начальный элемент ввода Кутателадзе
Часть имени, кроме начального элемента ввода С. С.
Дополнения к именам, кроме дат д-р физ.-мат. наук, физик
Даты 1914-1986
Расширение инициалов личного имени Самсон Семенович
Идентификатор авторитетной/нормативной записи RU\NLR\AUTH\77102489
Системный номер авторитетной/нормативной записи 85415
712 02 - НАИМЕНОВАНИЕ ОРГАНИЗАЦИИ - ВТОРИЧНАЯ ОТВЕТСТВЕННОСТЬ
Код отношения Издающая организация
Начальный элемент ввода Научно-производственное объединение по исследованию и проектированию энергетического оборудования им. И. И. Ползунова
Идентифицирующий признак Санкт-Петербург
Идентификатор авторитетной/нормативной записи RU\NLR\AUTH\8810033893
Системный номер авторитетной/нормативной записи 566253
801 #0 - ИСТОЧНИК ЗАПИСИ
Страна Российская Федерация
Организация NLR
Правила каталогизации psbo
801 #1 - ИСТОЧНИК ЗАПИСИ
Страна Российская Федерация
Организация ELAR
Источник данных rusmarc
852 ## - МЕСТОНАХОЖДЕНИЕ И ШИФР ХРАНЕНИЯ
Идентификатор организации NLR
Шифр хранения (Call Number) 97-3/5097
942 ## - ДОПОЛНИТЕЛЬНЫЕ ЭЛЕМЕНТЫ ЗАПИСИ (АБИС)
Тип экземпляра АБИС Книга
980 ## - КОЛЛЕКЦИЯ
Название коллекции Национальная библиография
Экземпляры
Тип экземпляра Дата поступления Библиотека постоянного хранения Библиотека текущего хранения Место хранения Шифр хранения Штрих-код Статус экземпляра
Книга 26.10.2013 РНБ (Московский) РНБ (Московский) Русский книжный фонд: издания с 1957 года 97-3/5097 1-4425862